000 00448nam a2200181Ia 4500
001 24666
005 20260414151058.0
008 260414t2011||||xx |||||||||||||| ||spa||
041 _aESP
082 _a345.721
_bM26
100 _aMarcos Francisco, Diana
_eAUT
245 0 _aEl convenio arbitral de consumo y su control
_b
260 _c2011
300 _a514 páginas :
_c21cm.
650 _aDER
654 _aCDE
942 _cLIB
_dJUS
_fJUS
_2ddc
_n
999 _c24666
_d24666